| Tag |
First Indicator |
Second Indicator |
Subfields |
| LEADER |
00000cam a2200000 4500 |
| 001 |
in00000074458 |
| 005 |
20151008053543.0 |
| 008 |
780720s1923 enk 00010 engm |
| 010 |
|
|
|a 23012099
|
| 035 |
|
|
|a (OCoLC)04069977
|
| 035 |
|
|
|9 AAH7817AM
|
| 040 |
|
|
|a DLC
|c NRC
|d NRC
|d m.c.
|d TXA
|d UtOrBLW
|
| 041 |
1 |
|
|a eng
|a lat
|
| 049 |
|
|
|a TXAM
|c 1 [111054], 2 [1501418]
|
| 050 |
0 |
0 |
|a PA6156.C5
|b A2 1923
|
| 100 |
1 |
|
|a Cicero, Marcus Tullius.
|
| 245 |
1 |
0 |
|a Cicero :
|b De senectute, De amicitia, De divinatione /
|c with an English translation by William Armistead Falconer.
|
| 264 |
|
1 |
|a London :
|b Heinemann ;
|a New York :
|b Putnam,
|c 1923.
|
| 300 |
|
|
|a vii, 567 pages ;
|c 17 cm.
|
| 336 |
|
|
|a text
|b txt
|2 rdacontent
|
| 337 |
|
|
|a unmediated
|b n
|2 rdamedia
|
| 338 |
|
|
|a volume
|b nc
|2 rdacarrier
|
| 490 |
1 |
|
|a Loeb classical library : [Latin authors]
|
| 536 |
|
|
|a Donated through the generosity of Professor Frank Friedeberg Seeley, June 1996.
|
| 700 |
1 |
|
|a Falconer, William Armistead.
|
| 830 |
|
0 |
|a Loeb classical library.
|
| 999 |
|
|
|a MARS
|
| 999 |
f |
f |
|s 08d76b81-f248-3873-a0bf-33ec36c67e46
|i fe1274d2-9207-30b9-98ad-d9b1bb9c6461
|t 0
|
| 952 |
f |
f |
|p normal
|a Texas A&M University
|b College Station
|c Sterling C. Evans Library
|s Evans stk
|d Evans: Library Stacks
|t 0
|e PA6156.C5 A2 1923
|h Library of Congress classification
|i unmediated -- volume
|m A14820361156
|
| 998 |
f |
f |
|a PA6156.C5 A2 1923
|t 0
|l Evans: Library Stacks
|